000 00325nam a22001337a 4500
020 _a0070583749
082 _222
_a621.136
100 _aGambhir, M. L.
245 _aConcrete technology /
250 _a3rd.
260 _aNew Delhi,
_bTata McGraw Hill,
_cc2007.
300 _axiv,658 p. ;
_bill. ;
_c22 cm.
942 _2ddc
_cCIVIL
999 _c1869
_d1869